=LDR 00000nam 2200000 4500 =001 INLIS000000000005981 =005 20130612094148 =008 ***********************************Ind** =035 ##$$0010-061300000005981 =041 ##$$a Ind =082 ##$$a 153.8 =090 ##$$a 153.8, Mas m =100 ##$$a Maslow, AH =245 ##$$a Motivasi dan prilaku/AH.Maslow =260 ##$$a 1992 $b Semarang =300 ##$$a 103 hlm. ; 21 cm =650 ##$$a Motivasi ( Psikologi ) =850 ##$$a NBPNMAT